000 00477nam a2200193Ia 4500
005 20240823021517.0
008 240823s9999||||xx |||||||||||||| ||und||
020 _a81-224-1676-4
041 _aENGLISH
082 _A378.73 P5
100 _aVault Editors
245 4 _aThe American Business School Buzz Book
250 _a1st
260 _c2005
_b"New Age ,New "
_aNew Delhi
500 _aYES
650 _aBusiness
_bManagement Studies
942 _cBK
999 _c177175
_d177175